000 01134nam a22002657a 4500
003 DO-SdBNP
005 20221114111231.0
007 ta
008 110301s2014 dr co 000 0 spa d
040 _aDO-SdBNP
_bspa
_cBNPHU
082 4 _axxxx
_bV944
100 1 _aVolz, Mandy
_953018
245 1 4 _aUna retrospectiva :
_besculturas, pinturas, dibujos /
_cMandy Volz ; textos Line Marie León Pernet, Marianne de Tolentino ; fotografías Mariano Hernández
260 _aSanto Domingo :
_bPunto Visual,
_c2014.
300 _a57 p. :
_bil., retr., fot.
_c28 cm.
500 _aIncluye datos biográficos del autor en la pagina 57.
500 _aDel 8 de abril al 29 de mayo, 214 galería Nacional de Bellas Artes, Palacio de Bellas Artes.
500 _aAuspicios de: Embajada de Suiza en la República Dominicana. Ministerio de Cultura de la República Dominicana. Dirección General de Bellas Artes.
590 _aInventariado, 2022/ YL
700 1 2 _aLeón Pernet, Line Marie
_etex.
_982814
700 1 2 _aTolentino, Marianne de
_etex.
_915222
700 1 2 _aHernández, Mariano
_efot.
910 _aYLockward
942 _2ddc
_cLBS1
999 _c52908
_d52908